000 00401nam a22001217a 4500
082 _a220 PRO
100 _aNS Saad Bin Waheed NS Muhammad Musab Akram
_971174
245 _aPR-SOF-1734-Elderly Buddy
260 _aISLAMABAD
_bNUST COLLEGE OF EME
_c2018
650 _a DE-COMP-36 DECLASS
_971175
700 _a PROJECT SUPERVISORS DR. SHOAB A.KHAB DR. QAISER CHAUDRY DR. USMAN AKRAM
_971176
942 _cCR
999 _c577841
_d577841